00765nam a22002057a 4500999001900000005001700019010001500036020002700051035001400078037001300092082000800105100002000113245009200133260003100225270012000256300002300376700001800399942002200417952012000439 c165999d16599920190709164512.0 aENG-125871 a9789386761750c1995.00 aEN-109403 bDBAD/PUB a382 aAgarwal, Shobha aInternational trade, growth and public finance /cby Shobha Agarwal [and] H.S. Agarwal aNew DelhibAne Booksc2018 a4821, Parwana Bhawan, 1st Floor, 24 Ansari Road, DaryaganjbNew Delhie110002k011-23276843-44mkapoor@anebooks.com avi,383p.c24cm(Hb) aAgarwal, H.S. 2ddccENh382mAGA 001040708NFICaVPbVPd2019-07-09eDBAD/PUBg1995.00l0o382 AGApEN-109403r2019-07-09 00:00:00t1v1995.00yEN